<?xml version="1.0" encoding="UTF-8"?>
<record
    xmlns:xsi="http://www.w3.org/2001/XMLSchema-instance"
    xsi:schemaLocation="http://www.loc.gov/MARC21/slim http://www.loc.gov/standards/marcxml/schema/MARC21slim.xsd"
    xmlns="http://www.loc.gov/MARC21/slim">

  <leader>00909nas a2200205 a 4500</leader>
  <controlfield tag="001">38492</controlfield>
  <controlfield tag="003">BD-RjUL</controlfield>
  <controlfield tag="005">20211209052816.0</controlfield>
  <controlfield tag="008">151220s1955    ii ||||| |||| 00| 0 ben d</controlfield>
  <datafield tag="035" ind1=" " ind2=" ">
    <subfield code="a">(BD-RjUL)38597</subfield>
  </datafield>
  <datafield tag="040" ind1=" " ind2=" ">
    <subfield code="a">BD-RjUL</subfield>
    <subfield code="b">ben</subfield>
    <subfield code="c">BD-RjUL</subfield>
  </datafield>
  <datafield tag="041" ind1=" " ind2=" ">
    <subfield code="a">ben</subfield>
  </datafield>
  <datafield tag="082" ind1=" " ind2=" ">
    <subfield code="a">891.4405</subfield>
    <subfield code="b">SAN 1955</subfield>
  </datafield>
  <datafield tag="245" ind1=" " ind2=" ">
    <subfield code="a">&#x9B6;&#x9A8;&#x9BF;&#x9AC;&#x9BE;&#x9B0;&#x9C7;&#x9B0; &#x99A;&#x9BF;&#x9A0;&#x9BF; /</subfield>
    <subfield code="c">&#x9B8;&#x9AE;&#x9CD;&#x9AA;&#x9BE;&#x9A6;&#x995; &#x9B8;&#x99C;&#x9A8;&#x9C0;&#x995;&#x9BE;&#x9A8;&#x9CD;&#x9A4; &#x9A6;&#x9BE;&#x9B8;</subfield>
  </datafield>
  <datafield tag="260" ind1=" " ind2=" ">
    <subfield code="a">&#x995;&#x9B2;&#x9BF;&#x995;&#x9BE;&#x9A4;&#x9BE; :</subfield>
    <subfield code="b">&#x9B6;&#x9A8;&#x9BF;&#x9B0;&#x99E;&#x9CD;&#x99C;&#x9A8; &#x9AA;&#x9CD;&#x9B0;&#x9C7;&#x9B8;,</subfield>
    <subfield code="c">&#x9E7;&#x9EF;&#x9EB;&#x9EB;.</subfield>
  </datafield>
  <datafield tag="300" ind1=" " ind2=" ">
    <subfield code="a">&#x9E8;&#x9ED;&#x9B6; &#x9AC;&#x9B0;&#x9CD;&#x9B7; (&#x9B8;&#x982;. &#x9E7;&#x9E6;-&#x9E7;&#x9E7;) &#x9B6;&#x9CD;&#x9B0;&#x9BE;&#x9AC;&#x9A8;-&#x9AD;&#x9BE;&#x9A6;&#x9CD;&#x9B0; &#x9E7;&#x9EF;&#x9EC;&#x9E8; ,  &#x9E8;&#x9EE;&#x9B6; &#x9AC;&#x9B0;&#x9CD;&#x9B7; (&#x9B8;&#x982;. &#x9E9;-&#x9EC;) &#x9AA;&#x9C7;&#x9CC;&#x9B7;-&#x99A;&#x9C8;&#x9A4;&#x9CD;&#x9B0;  &#x9E7;&#x9E9;&#x9EC;&#x9E8;  ;</subfield>
    <subfield code="c">&#x9E8;&#x9EA; &#x9B8;&#x9C7;&#x9AE;&#x9BF;.</subfield>
  </datafield>
  <datafield tag="650" ind1=" " ind2=" ">
    <subfield code="a">&#x9AC;&#x9BE;&#x982;&#x9B2;&#x9BE; &#x9B8;&#x9BE;&#x9B9;&#x9BF;&#x9A4;&#x9CD;&#x9AF; </subfield>
    <subfield code="v">&#x9B8;&#x9BE;&#x9AE;&#x9AF;&#x9BC;&#x9BF;&#x995;&#x9C0;</subfield>
    <subfield code="9">116891</subfield>
  </datafield>
  <datafield tag="650" ind1=" " ind2=" ">
    <subfield code="a">Bengali Lillterature </subfield>
    <subfield code="v">Periodicals</subfield>
    <subfield code="9">118839</subfield>
  </datafield>
  <datafield tag="942" ind1=" " ind2=" ">
    <subfield code="2">ddc</subfield>
    <subfield code="c">CR</subfield>
  </datafield>
  <datafield tag="999" ind1=" " ind2=" ">
    <subfield code="c">38492</subfield>
    <subfield code="d">38492</subfield>
  </datafield>
  <datafield tag="952" ind1=" " ind2=" ">
    <subfield code="0">0</subfield>
    <subfield code="1">0</subfield>
    <subfield code="2">ddc</subfield>
    <subfield code="4">0</subfield>
    <subfield code="7">1</subfield>
    <subfield code="8">SR</subfield>
    <subfield code="a">RUCL</subfield>
    <subfield code="b">RUCL</subfield>
    <subfield code="c">Rare</subfield>
    <subfield code="d">1958-12-03</subfield>
    <subfield code="h">&#x9E8;&#x9ED;&#x9B6; &#x9AC;&#x9B0;&#x9CD;&#x9B7; (&#x9B8;&#x982;. &#x9E7;&#x9E6;-&#x9E7;&#x9E7;) &#x9B6;&#x9CD;&#x9B0;&#x9BE;&#x9AC;&#x9A8;-&#x9AD;&#x9BE;&#x9A6;&#x9CD;&#x9B0; &#x9E7;&#x9EF;&#x9EC;&#x9E8; ,  &#x9E8;&#x9EE;&#x9B6; &#x9AC;&#x9B0;&#x9CD;&#x9B7; (&#x9B8;&#x982;. &#x9E9;-&#x9EC;) &#x9AA;&#x9C7;&#x9CC;&#x9B7;-&#x99A;&#x9C8;&#x9A4;&#x9CD;&#x9B0;  &#x9E7;&#x9E9;&#x9EC;&#x9E8; </subfield>
    <subfield code="l">0</subfield>
    <subfield code="o">BP 891.4405 SAN V-27(10-11)V-28(3-6) 1955</subfield>
    <subfield code="r">2015-12-21 00:00:00</subfield>
    <subfield code="t">C-1</subfield>
    <subfield code="w">2021-12-09</subfield>
    <subfield code="y">CR</subfield>
  </datafield>
</record>
